| 000 | 03156nam0a2200433 4500 | ||
|---|---|---|---|
| 001 | RU\NLR\BIBL_A\012680747 | ||
| 005 | 20260407113701.0 | ||
| 035 | _a(NLR Aleph) 012680747 | ||
| 090 |
_a12814216 _c12814216 |
||
| 100 | _a20210916d1904 |||y0rusy50 ca | ||
| 101 | 0 | _arus | |
| 102 | _aRU | ||
| 105 | _ay z 000yy | ||
| 181 | 0 |
_ai _baxxe |
|
| 182 | 0 | _an | |
| 200 | 1 |
_aО кредите на расширение, ремонт и оборудование лаборатории общей патологии при Императорском университете Св. Владимира _eпредставление Министра Народного Просвещения от 30 октября 1903 г., за № 33728, при сем прилагается в печатном экземпляре _fГосударственный Совет в Департаменте Государственной Экономии. Министерство Народного Просвещения. 8 января 1904 года. № 1 |
|
| 203 |
_aТекст _bвизуальный _cнепосредственный |
||
| 210 |
_a[Санкт-Петербург _cб. и.] _d1904 |
||
| 215 |
_a[1] с. _d34 |
||
| 300 | _aВ конце текста: Подписали: Ф. Тернер, А. Куломзин, С. Марков 2 [и др.]; Скрепил: Исправляющий должность Статс-Секретаря Н. Покровский | ||
| 300 | _aНа 1-й с.: XXXIX | ||
| 309 | _aБез тит. л. и обл. | ||
| 601 | 0 | 2 |
_aУниверситет св. Владимира _bЛаборатория общей патологии _cКиев, город; Украина _xФинансирование _92519071 _3RU\NLR\AUTH\6601707375 |
| 601 | 0 | 1 |
_aРоссия _bМинистерство народного просвещения _jДокументы и материалы _92444897 _3RU\NLR\AUTH\661454178 |
| 686 | 3 | _aЧ34(28)к211 | |
| 686 | 3 | _aЧ488.914.923к7 | |
| 702 | 1 |
_4720 _7ca _8rus _aТернер _bФ. Г. _cгос. деятель _f1828-1906 _gФедор Густавович _9156929 _3RU\NLR\AUTH\770156969 |
|
| 702 | 1 |
_4720 _aКуломзин _bА. Н. _f1838-1923 _gАнатолий Николаевич _9169479 _3RU\NLR\AUTH\770169529 |
|
| 702 | 1 |
_4720 _aМарков _bС. В. _cгос. деятель _f1828-1907 _gСергей Владимирович _9197570 _3RU\NLR\AUTH\770197621 |
|
| 702 | 1 |
_4720 _7ca _8rus _aПокровский _bН. Н. _cгос. деятель _f1865-1930 _gНиколай Николаевич _9153763 _3RU\NLR\AUTH\770153801 |
|
| 711 | 0 | 2 |
_aУниверситет св. Владимира _bЛаборатория общей патологии _cКиев _9800316 _3RU\NLR\AUTH\880566817 |
| 711 | 0 | 1 |
_aРоссия _bМинистерство народного просвещения _3RU\NLR\AUTH\889944176 _9383530 |
| 712 | 0 | 1 |
_4570 _aРоссия _bДепартамент государственной экономии _3RU\NLR\AUTH\889933514 _9362122 |
| 852 |
_aNLR _j135/294-365 (1) |
||
| 942 | _cBOOK | ||
| 980 | _aNB | ||